Logo BPK

Bibliografia Prac Pracowników

Politechniki Koszalińskiej

Pressure - indiced lattice distortion of In3Sn alloys and its effect on superconducting transition temperature Tc / (Rekord nr 7275)

Szczegóły MARC
000 -ETYKIETA REKORDU
podpole kontrolne o stałej długości 00834naa a22002057a 4500
003 - IDENTYFIKATOR NUMERU KONTROLNEGO REKORDU
podpole kontrolne BPK
005 - DATA OSTATNIEJ MODYFIKACJI REKORDU
podpole kontrolne 20180125134140.0
008 - POLE O STAŁEJ DŁUGOŚCI - DANE KONTROLNE
podpole kontrolne o stałej długości 160212b1986 sw ||||| |||| 10| 0 eng
040 ## - ŹRÓDŁO KATALOGOWANIA
Instytucja, która utworzyła rekord BPK
041 ## - KOD JĘZYKA
Kod języka tekstu eng
044 ## - KOD KRAJU WYDAWCY/PRODUCENTA
Kod kraju wydawcy/producenta SWE
100 ## - NAZWA OSOBOWA
Nazwa osobowa CZYŻNIEWSKI, Andrzej.
Lata pracy 1975 - 1996.
Instytucja Wyższa Szkoła Inżynierska w Koszalinie - Wydział Mechaniczny,
Wydział Zakład Fizyki
245 ## - TYTUŁ/ODPOWIEDZIALNOŚĆ
Tytuł Pressure - indiced lattice distortion of In3Sn alloys and its effect on superconducting transition temperature Tc /
Pozostałe elementy strefy tytułu i oznaczenia odpowiedzialności M. Surma, Andrzej Czyżniewski.
260 ## - STREFA ADRESU WYDAWNICZEGO
Data publikacji, dystrybucji/powstania dokumentu 1986.
500 ## - UWAGI OGÓLNE
Tekst uwagi Dane z kartoteki bpp.
655 #0 - TERMIN INDEKSOWY - OKREŚLENIE RODZAJU/FORMY DOKUMENTU
Określnie rodzaju/formy dokumentu Materiały konferencyjne.
773 ## - TYTUŁ DOKUMENTU MACIERZYSTEGO
Wyrażenie wprowadzające W :
Tytuł 6th General CMD Conference of EPS. -
Adres wydawniczy Stockholm, 1986. -
Informacje dotyczące relacji s. 108
711 ## - HASŁO DODATKOWE - NAZWA IMPREZY
Nazwa imprezy General Conference of the CMD of the EPS
Oznaczenie części/sekcji dzieła (6 ;
Data imprezy 1986 ;
Miejsce imprezy Sztokholm, Szwecja).
942 ## - HASŁO DODATKOWE - ELEMENTY(KOHA)
Typ dokumentu Artykuł
Schemat klasyfikacji Uniwersalna klasyfikacja dziesiętna

Brak dostępnych egzemplarzy.

© 2014 Biblioteka Politechniki Koszalińskiej :: BIBLIOGRAFIA PRAC PRACOWNIKÓW